Statistics for US States That Are Larger Than Any States That They Border In Area

Click here to take the quiz!

General Stats

  • This quiz has been taken 56 times
  • The average score is 7 of 8

Answer Stats

Answer% Correct
California
100%
Texas
98%
New York
94%
Maine
94%
Montana
91%
Michigan
81%
Georgia
79%
Minnesota
68%

Score Distribution

Percentile by Number Answered

Percent of People with Each Score

Your Score History

You have not taken this quiz